Rues et avenues françaises - Statistiques

Statistiques générales
  • Ce quiz a été pris 116 fois
    82 depuis la dernière actualisation
  • Le résultat moyen est 5 sur 38
Statistiques - réponses
Ville Rue, Avenue, Boulevard ou Place % Correct
Paris (Île-de-France) Champs Élysées
79%
Nice (Alpes-Maritimes) Promenade des Anglais
51%
Marseille (Bouches-du-Rhône ) La Canebière
37%
Gustavia (Saint-Barthélemy) de La République
36%
Lyon (Rhône) de La République
36%
Cayenne (Guyane Française) Général de Gaulle
30%
Cannes (Alpes-Maritimes) Croisette
25%
Toulouse (Haute-Garonne) de Capitole
24%
Bordeaux (Gironde) Sainte Catherine
22%
Le Havre (Seine-Maritime) Foch
16%
Perpignan (Pyrénées-Orientales ) Marechal Foch
16%
Dijon (Côte-d'Or) de La Liberté
13%
Rennes (Ille-et-Vilaine) de la Soif
13%
Brest (Finistère) Siam
13%
Grenoble (Isère) Jean Jaurès
12%
Lourdes (Hautes-Pyrénées) Saint-Pierre
10%
Marigot (Saint Martin) de France
9%
Clermont-Ferrand (Puy-de-Dôme) de Jaude
9%
Rouen (Normandie) Jeanne d’Arc
6%
Mata'Utu (Wallis-et-Futuna) RT1
6%
Mamoudzou (Mayotte) du Commerce
4%
Lille (Nord) Faidherbe
4%
Papeete (Polynésie Française) François Cardella
4%
Reims (Marne) Boulingrin, du Temple, de Mars e Olivier-Metra
3%
Strasbourg (Bas-Rhin) Grand’rue
3%
Fort-de-France (Martinique) Lamartine
3%
Calais (Pas-de-Calais) Royale
3%
Nantes (Loire-Atlantique) Crébillon
1%
Saint-Pierre (Saint-Pierre et Miquelon) Jacques Cartier
1%
Ajaccio (Corse) Cardinal Fesch
0%
Nouméa (Nouvelle-Calédonie) de l’Alma
0%
Montpellier (Hérault) de l'Ancien Courrier
0%
Pointe-à-Pitre (Guadeloupe) Frébault
0%
Toulon (Var) L’amalgue
0%
Angers (Maine-et-Loire) Lenepveu
0%
Saint-Dénis (La Réunion) Mariscal Leclerc
0%
Biarritz (Pyrénées-Atlantiques) Reine Victoria
0%
Metz (Moselle) Serpenoise
0%
Aucun quiz correspondant
Distribution des résultats
% des personnes avec chaque résultat
Percentile par nombre de réponses
Votre historique - résultats
Vous n’avez pas pris ce quiz depuis la dernière actualisation